000 00472nam a2200193Ia 4500
005 20250423100418.0
008 250422s9999 xx 000 0 und d
020 _a9781119095903
050 _aRE 46 .J36/
100 _aJames, Bruce... [et al.].
245 0 _aOphthalmology : lecture notes
250 _a12th ed.
260 _aUnited Kingdom
260 _bJohn Wiley & Sons Ltd.
260 _c2017
300 _a234 p
650 _aOphthalmology.
942 _cBK
999 _c33225
_d33225